Mercenaries and paid men
| Titel: | Mercenaries and paid men : the mercenary identity in the Middle Ages ; proceedings of a conference held at University of Wales, Swansea, 7th-9th July 2005 / ed. by John France |
|---|---|
| Beteiligt: | |
| Veröffentlicht: | Leiden : Brill, 2008 |
| Umfang: | XII, 415 Seiten : Karten |
| Format: | Buch |
| Sprache: | Englisch; Französisch |
| Schriftenreihe/ mehrbändiges Werk: |
History of warfare ; 47 |
| RVK-Notation: | |
| ISBN: | 9789004164475 |
| Hinweise zum Inhalt: |
Inhaltsverzeichnis
Inhaltsverzeichnis |
alg: 21533586 001A $00004:01-09-09 001B $01999:16-04-24 $t15:42:35.000 001D $00004:20-10-09 001U $0utf8 001X $00 002@ $0Aau 002C $aText $btxt $2rdacontent 002D $aohne Hilfsmittel zu benutzen $bn $2rdamedia 002E $aBand $bnc $2rdacarrier 003@ $0215335864 003O $0183266512 $aOCoLC 004A $A978-90-04-16447-5 006A $02008273167 007A $056456186X $aGBV 007T $0Herdc0056332m 009P $A2 $3Inhaltsverzeichnis $uhttp://www.loc.gov/catdir/toc/fy0804/2008273167.html 009P $qapplication/pdf $A2 $3Inhaltsverzeichnis $uhttp://scans.hebis.de/HEBCGI/show.pl?21533586_toc.pdf $mV:DE-605 010@ $aeng $afre 011@ $a2008 013D $RWissenschaftliche Literatur $RAufsatzsammlung $71071861417 $8Konferenzschrift [Ts1] $9359646190 $y2005 $zSwansea 021A $aMercenaries and paid men $dthe mercenary identity in the Middle Ages ; proceedings of a conference held at University of Wales, Swansea, 7th-9th July 2005 $hed. by John France 028C $BHerausgeber $4edt $71024100790 $8France, John$Z1941- [Tp1] $9305263455 033A $pLeiden $nBrill 034D $aXII, 415 Seiten 034M $aKarten 036E $aHistory of warfare $l47 036F $x247 $8History of warfare $9186263511 $l47 044K $RSoldat $RPrivates Militärunternehmen $#Mercenary troops $#Mercenaires $#Milizie mercenarie $#Mercenari $#Mercenarios $#Söldner $#Solddienst $74055364-4 $8Söldner [Ts1] $9085154083 044K $RSöldner $#German mercenaries $#Lansquenets $#Lanzichenecchi $#Landsknechte $74034375-3 $8Landsknecht [Ts1] $9085092398 045A $aD128 045B $a355.3540940902 045R $aGeschichte 500-1500 045Z $8NM 1500 [Tkv] $9410892610 046L $aBeiträge teilweise französisch, überwiegend englisch lok: 21533586 23 exp: 21533586 23 1 #EPN 201B/01 $017-02-10 $t16:31:31.000 201C/01 $011-01-10 201U/01 $0utf8 203@/01 $0586964371 208@/01 $a17-02-10 $bz 209A/01 $a25 Ges HB 5907 $du $f024 $hGES HB 5907 $x00 209G/01 $a25616855 $x00 247C/01 $8352024-9 <34/24>Kassel, UB Kassel, Standort Holländischer Platz $9102599459 lok: 21533586 25 exp: 21533586 25 1 #EPN 201B/01 $011-09-14 $t12:23:34.000 201C/01 $015-07-14 201U/01 $0utf8 203@/01 $073466480X 208@/01 $a11-09-14 $bzit 209A/01 $aNM 1500 FRA/ 1 $dd $f083 $x00 209A/01 $aHKW NM 1500 FRA/ 1 $x01 209C/01 $aZP02 14/112-3 209G/01 $a77119169 $x00 209G/01 $aHistorische Kulturwissenschaften $x01 247C/01 $8651083-8 <77/083>Mainz, Universität Mainz, Bereichsbibliothek Philosophicum, Standort Historische Kulturwissenschaften $9220061653 lok: 21533586 78 exp: 21533586 78 1 #EPN 201B/01 $019-04-17 $t14:57:10.000 201U/01 $0utf8 203@/01 $0791921468 208@/01 $a12-11-16 $be 209A/01 $a/ $f000 $x00 220C/01 $aTitelaufnehmer: cs 220C/01 $aHerkunft: HI Marburg 244Z/01 $2Trx $#dzieło zbiorowe $8--Trx--Sammelwerk $x01 $9391384597 245Z/01 $a01.03 $x01 247C/01 $82080>Marburg/Lahn, Herder-Institut, Forschungsbibliothek, Bibliographieportal $9336309341 lok: 21533586 205 exp: 21533586 205 1 #EPN 201B/01 $012-07-18 $t16:47:12.000 201C/01 $001-09-09 201U/01 $0utf8 203@/01 $0581154436 208@/01 $a07-01-10 $bz 209A/01 $a001 NM 1500 F815 $db $f000 $x00 209A/01 $aH 2009/0704 $x08 209C/01 $anel1001h 209G/01 $a51424379 $x00 247C/01 $8351000-1 <4>Marburg, Universität Marburg, Universitätsbibliothek $9102594767
| LEADER | 00000cam a2200000 c 4500 | ||
|---|---|---|---|
| 001 | 215335864 | ||
| 003 | DE-603 | ||
| 005 | 20240416154235.0 | ||
| 007 | tu | ||
| 008 | 090901s2008 xx |||| | u10||u|eng c | ||
| 010 | |a 2008273167 | ||
| 020 | |a 9789004164475 | ||
| 035 | |a (DE-599)GBV56456186X | ||
| 035 | |a (OCoLC)183266512 | ||
| 040 | |a DE-603 |b ger |c DE-603 |d DE-603 | ||
| 041 | |a eng |a fre | ||
| 050 | 0 | |a D128 | |
| 082 | 7 | |a 355.3540940902 | |
| 084 | |a NM 1500 |0 (DE-625)126292: |0 (DE-603)410892610 |2 rvk | ||
| 245 | 0 | 0 | |a Mercenaries and paid men |b the mercenary identity in the Middle Ages ; proceedings of a conference held at University of Wales, Swansea, 7th-9th July 2005 |c ed. by John France |
| 264 | 1 | |a Leiden |b Brill |c 2008 | |
| 300 | |a XII, 415 Seiten |b Karten | ||
| 336 | |a Text |b txt |2 rdacontent | ||
| 337 | |a ohne Hilfsmittel zu benutzen |b n |2 rdamedia | ||
| 338 | |a Band |b nc |2 rdacarrier | ||
| 490 | 1 | |a History of warfare |v 47 | |
| 546 | |a Beiträge teilweise französisch, überwiegend englisch | ||
| 648 | 7 | |a Geschichte 500-1500 |2 gnd | |
| 650 | 7 | |a Söldner |0 (DE-588)4055364-4 |0 (DE-603)085154083 |2 gnd | |
| 650 | 7 | |a Landsknecht |0 (DE-588)4034375-3 |0 (DE-603)085092398 |2 gnd | |
| 655 | 7 | |a Konferenzschrift |y 2005 |z Swansea |2 gnd-content |0 (DE-588)1071861417 |0 (DE-603)359646190 | |
| 700 | 1 | |a France, John |d 1941- |e Herausgeber |4 edt |0 (DE-603)305263455 |0 (DE-588)1024100790 |2 gnd | |
| 830 | 0 | |t History of warfare |v 47 |w (DE-603)186263511 |w (DE-600)1439778-X |9 247 |7 as | |
| 856 | 4 | 2 | |u http://www.loc.gov/catdir/toc/fy0804/2008273167.html |3 Inhaltsverzeichnis |
| 856 | 4 | 2 | |m V:DE-605 |q application/pdf |u http://scans.hebis.de/HEBCGI/show.pl?21533586_toc.pdf |3 Inhaltsverzeichnis |
| 924 | 0 | |9 34/24 |a (DE-603)586964371 |b DE-34-24 |c HES |d c |g 25 Ges HB 5907 | |
| 924 | 0 | |9 77/083 |a (DE-603)73466480X |b DE-77-083 |c HES |d d |g NM 1500 FRA/ 1 | |
| 924 | 0 | |9 2080 |a (DE-603)791921468 |b DE-2080 |c HES |d d |g / | |
| 924 | 0 | |9 4 |a (DE-603)581154436 |b DE-4 |c HES |d c |g 001 NM 1500 F815 | |


